000 00421nam a2200181Ia 4500
001 518
005 20260306140523.0
008 260306t2003||||xx |||||||||||||| ||spa||
041 _aESP
082 _a121.68
_bW74
100 _aWittgenstein, Ludwig
_eAUT
245 0 _aLos cuadernos azul y marrón
260 _c2003
300 _a230 páginas :
_c23 cm.
650 _aGEN
654 _aCHU
942 _cLIB
_dJUS
_fJUS
_2ddc
_n
999 _c518
_d518